| 000 | 01207nam a22003497a 4500 | ||
|---|---|---|---|
| 003 | CHAP | ||
| 005 | 20220329134055.0 | ||
| 008 | 971013s1986 r 00010 d | ||
| 010 | _a15024 | ||
| 011 | _a15996 | ||
| 035 | _a20074 | ||
| 040 | _cCHAP | ||
| 090 | _aTesis | ||
| 100 | 0 | 0 |
_aHerrera Andrade, José Luis. _954823 |
| 245 | _aEficiencia de indeces de selección en las generaciones F1, F2 y F3 de cruzas dialelicas de trigo (Triticum aestivum L.) | ||
| 260 |
_aChapingo, Méx. : _bEl Autor, _c1986 |
||
| 300 | _a103 h. | ||
| 502 | _aTesis (M. en C. Esp. en Genética) -- CP. Centro de Genética | ||
| 590 |
_aALEPH _b10 _c20130110 _lUCH01 _h1237 |
||
| 590 |
_aBATCH-UPD _b10 _c20130110 _lUCH01 _h1412 |
||
| 590 |
_aBATCH-UPD _b10 _c20130410 _lUCH01 _h0858 |
||
| 590 |
_aBATCH-UPD _b10 _c20130914 _lUCH01 _h1611 |
||
| 590 |
_aCONVERSION _b10 _c20130109 _lUCH01 _h1310 |
||
| 650 | 1 | 4 |
_aTrigo _xHíbridos. _9115039 |
| 650 | 1 | 4 |
_aTrigo _xMejoramiento. _9115057 |
| 650 | 1 | 4 |
_aTrigo _xRendimiento. _9115092 |
| 650 | 1 | 4 |
_aTrigo _xSelección masal. _9115096 |
| 901 | _aBK | ||
| 942 | _cFOLL | ||
| 949 |
_bBC _cTES _d-46767 _eTS1 _h18195 _i20074 _si |
||
| 949 |
_bBC _cTES _d33724002054561 _eTS2 _fc.2 _h18196 _i20074 _si |
||
| 999 |
_c15024 _d15024 |
||